Karnataka Administrative Reforms Commission, report (Record no. 520263)
[ view plain ]
| 000 -LEADER | |
|---|---|
| fixed length control field | 00717cam a22001697a 4500 |
| 008 - FIXED-LENGTH DATA ELEMENTS--GENERAL INFORMATION | |
| fixed length control field | 180718b-- xxu||||| |||| 00| 0 eng d |
| 082 ## - DEWEY DECIMAL CLASSIFICATION NUMBER | |
| Classification number | I5135x5444 AR |
| 100 ## - MAIN ENTRY--PERSONAL NAME | |
| Personal name | Karnataka Administrative Reforms Commission report |
| 9 (RLIN) | 32454 |
| 245 ## - TITLE STATEMENT | |
| Title | Karnataka Administrative Reforms Commission, report |
| Statement of responsibility, etc | by Administrative Reforms Commission Karnataka |
| 260 ## - PUBLICATION, DISTRIBUTION, ETC. (IMPRINT) | |
| Place of publication, distribution, etc | Bangalore |
| Name of publisher, distributor, etc | Administrative Reforms Commission |
| Date of publication, distribution, etc | 2021 |
| 300 ## - PHYSICAL DESCRIPTION | |
| Extent | 3 parts |
| 500 ## - GENERAL NOTE | |
| General note | Contents: First report. 266p.;Second report. 218p; Third report. 219p |
| 650 ## - SUBJECT ADDED ENTRY--TOPICAL TERM | |
| Topical term or geographic name as entry element | Administrative reforms - India - Karnataka |
| 9 (RLIN) | 32455 |
| 700 ## - ADDED ENTRY--PERSONAL NAME | |
| Personal name | Karnataka. Administrative Reforms Commission |
| 9 (RLIN) | 32456 |
| 700 ## - ADDED ENTRY--PERSONAL NAME | |
| Personal name | Ramaswamy, Haranahalli (Chairman) |
| 9 (RLIN) | 32457 |
| 942 ## - ADDED ENTRY ELEMENTS (KOHA) | |
| Source of classification or shelving scheme | |
No items available.
